| 000 | 00816nam a22002297a 4500 | ||
|---|---|---|---|
| 999 |
_c65672 _d65672 |
||
| 005 | 20240530110837.0 | ||
| 008 | 191118s2008 ua a f 000 0 ara d | ||
| 017 |
_a2007/7069 _bمصر. دار الكتب |
||
| 020 | _a977437251 ( جزء اول ) | ||
| 020 | _a9774372581 ( جزء ثانى ) | ||
| 040 |
_aEG-CaGPL _cEG-CaGPL |
||
| 082 | 0 | 4 |
_221 _a780.962 _bق/ف ا |
| 100 | 0 | _aفتحى الخميسى | |
| 245 | 1 | 0 |
_aازمة الموسيقى المصرية وازمة المقامات / _cفتحى الخميسى |
| 250 | _aط.1 | ||
| 260 |
_aالقاهرة : _bالمجلس الاعلى للثقافة، _c2008 |
||
| 300 |
_a2 جزء : _bايض. ؛ _c24 سم. |
||
| 650 | 0 | 7 |
_2qrmak _aالموسيقى المصرية |
| 651 | _2qrmak | ||
| 942 |
_2ddc _cBK |
||